| 000 | 02463nam0a2200397 4500 | ||
|---|---|---|---|
| 001 | RU\NLR\BIBL_A\012071117 | ||
| 005 | 20190827152206.0 | ||
| 010 |
_a978-5-8088-1363-2 _9150 |
||
| 021 |
_aRU _bКН-П-19-048905 _9КН-П-19-3555 |
||
| 035 | _a(NLR Aleph) 012071117 | ||
| 035 | _a(RuMoRGB)010027317 | ||
| 090 |
_a11756358 _c11756358 |
||
| 100 | _a20190807d2019 k y0rusy50 ca | ||
| 101 | 0 |
_arus _aeng |
|
| 102 | _aRU | ||
| 105 | _aa|||z|||100zz | ||
| 200 | 1 |
_aМоделирование и анализ безопасности и риска в сложных системах _dModeling and analysis of safety and risk in complex systems _eмеждународная научная конференция, 19-21 июня 2019 г. _eсборник статей _fСанкт-Петербургский государственный университет аэрокосмического приборостроения _g[под ред. Е.Д. Соложенцева, В.В. Карасева] _zeng |
|
| 210 |
_aСанкт-Петербург _cГУАП _d2019 |
||
| 215 |
_a181 с. _cил., табл. _d29 |
||
| 300 | _aЧасть текста на англ. яз. | ||
| 313 | _aПо пред.изд. 2011г [MA SR-2011] Шифр Ик 2011-8/274 | ||
| 320 | _aБиблиогр. в конце ст. | ||
| 510 | 1 |
_aModeling and analysis of safety and risk in complex systems _zeng |
|
| 600 | 1 |
_aРябинин _bИ.А. _gИгорь Алексеевич _f1925 - 2018 _2nlr_sh2 _3RU\NLR\AUTH\6601660616 |
|
| 606 | 1 |
_aСложные системы _jСъезды, совещания и т.п. _2nlr-sh2 _3RU\NLR\AUTH\66160375 |
|
| 686 | 1 | _aЗ817я431(0) | |
| 686 | 1 | _aЗ817д(2)Рябинин | |
| 702 | 1 |
_aСоложенцев _bЕ. Д. _gЕвгений Дмитриевич _3RU\NLR\AUTH\7799353 _4340 |
|
| 711 | 1 | 2 |
_a"Моделирование и анализ безопасности и риска в сложных системах", международная научная конференция _d15 _f2019 _eСанкт-Петербург _3RU\NLR\AUTH\880507317 |
| 712 | 0 | 2 |
_aСанкт-Петербургский государственный университет аэрокосмического приборостроения _3RU\NLR\AUTH\8824043 _4475 |
| 942 | _cBOOK | ||
| 980 | _aNBR | ||
| 980 | _aNB | ||